[Event "10th Amsterdam Science Park"]
[Site "Amsterdam"]
[Date "2022.07.20"]
[Round "3"]
[White "Berrevoets, Jeroen"]
[Black "Croese, Cor"]
[Result "0-1"]
[Board "6"]
[WhiteElo "2064"]
[WhiteCountry "NED"]
[WhiteFideId "1070681"]
[WhiteEloChange "-7"]
[BlackElo "2173"]
[BlackCountry "NED"]
[BlackFideId "1006550"]
[BlackEloChange "7"]

1. d4 {[%clk 1:30:41]} g6 {[%clk 1:30:42]} 2. e4 {[%clk 1:29:42]} Bg7 {[%clk
1:31:03]} 3. Nf3 {[%clk 1:29:49]} d6 {[%clk 1:31:14]} 4. Nc3 {[%clk 1:29:50]} c6
{[%clk 1:31:09]} 5. a4 {[%clk 1:29:53]} Nf6 {[%clk 1:30:34]} 6. Be2 {[%clk
1:28:34]} O-O {[%clk 1:30:51]} 7. O-O {[%clk 1:28:48]} Nbd7 {[%clk 1:30:23]} 8.
h3 {[%clk 1:28:42]} e5 {[%clk 1:30:25]} 9. Be3 {[%clk 1:21:13]} Qe7 {[%clk
1:30:27]} 10. dxe5 {[%clk 1:17:09]} dxe5 {[%clk 1:30:48]} 11. Bc4 {[%clk
1:11:04]} Nc5 {[%clk 1:14:40]} 12. Nd2 {[%clk 1:05:51]} Rd8 {[%clk 1:12:51]} 13.
Qf3 {[%clk 0:57:13]} Ne6 {[%clk 1:11:14]} 14. Bxe6 {[%clk 0:40:25]} Bxe6 {[%clk
1:11:13]} 15. a5 {[%clk 0:40:23]} Nd7 {[%clk 1:03:45]} 16. Qe2 {[%clk 0:38:35]}
f5 {[%clk 0:59:17]} 17. f3 {[%clk 0:36:11]} Bf6 {[%clk 0:49:22]} 18. exf5 {[%clk
0:33:52]} gxf5 {[%clk 0:49:41]} 19. g4 {[%clk 0:34:18]} Kh8 {[%clk 0:46:12]} 20.
Kh2 {[%clk 0:03:48]} Bg5 {[%clk 0:46:03]} 21. Rg1 {[%clk 0:27:15]} Bxe3 {[%clk
0:37:14]} 22. Qxe3 {[%clk 0:27:38]} Qh4 {[%clk 0:37:15]} 23. Ra4 {[%clk 0:25:05]}
f4 {[%clk 0:32:07]} 24. Qe2 {[%clk 0:24:06]} Qe7 {[%clk 0:29:54]} 25. Nde4 {[%clk
0:22:38]} b5 {[%clk 0:25:50]} 26. axb6 {[%clk 0:22:02]} Nxb6 {[%clk 0:25:29]} 27.
Ra5 {[%clk 0:21:18]} Bc4 {[%clk 0:25:34]} 28. Qf2 {[%clk 0:20:43]} Nd5 {[%clk
0:23:04]} 29. Nxd5 {[%clk 0:15:08]} cxd5 {[%clk 0:20:39]} 30. Nc5 {[%clk
0:14:25]} Rac8 {[%clk 0:11:45]} 31. Rga1 {[%clk 0:07:11]} d4 {[%clk 0:11:26]} 32.
b4 {[%clk 0:07:24]} a6 {[%clk 0:08:44]} 33. Qe1 {[%clk 0:04:35]} Rd6 {[%clk
0:07:04]} 34. Rd1 {[%clk 0:01:55]} h5 {[%clk 0:04:58]} 35. Kg2 {[%clk 0:02:01]}
hxg4 {[%clk 0:05:09]} 36. hxg4 {[%clk 0:01:54]} Kg7 {[%clk 0:05:24]} 37. Nb7
{[%clk 0:00:51]} Rd5 {[%clk 0:03:59]} 38. Rxd5 {[%clk 0:00:50]} Bxd5 {[%clk
0:04:27]} 39. Nc5 {[%clk 0:01:12]} Kf7 {[%clk 0:03:24]} 40. Qh1 {[%clk 0:00:59]}
Kg7 {[%clk 0:02:30]} 41. Qe1 {[%clk 0:22:18]} Qg5 {[%clk 0:23:03]} 42. Kf1 {[%clk
0:17:38]} Rh8 {[%clk 0:20:03]} 43. Ke2 {[%clk 0:16:30]} Rh2+ {[%clk 0:17:08]} 44.
Kd3 {[%clk 0:16:54]} Qg6+ {[%clk 0:17:16]} 45. Ne4 {[%clk 0:17:17]} Qc6 {[%clk
0:16:25]} 46. Nd6 {[%clk 0:16:48]} 0-1

[Event "10th Amsterdam Science Park"]
[Site "Amsterdam"]
[Date "2022.07.20"]
[Round "3"]
[White "Schilstra, Laurens"]
[Black "Honkoop, Gilian"]
[Result "1-0"]
[Board "7"]
[WhiteElo "1993"]
[WhiteCountry "NED"]
[WhiteFideId "1043218"]
[WhiteEloChange "15"]
[BlackElo "2205"]
[BlackCountry "NED"]
[BlackFideId "1051873"]
[BlackEloChange "-15"]

1. e4 {[%clk 1:30:48]} e5 {[%clk 1:30:59]} 2. Nf3 {[%clk 1:31:06]} Nc6 {[%clk
1:31:26]} 3. Bb5 {[%clk 1:31:28]} a6 {[%clk 1:31:46]} 4. Ba4 {[%clk 1:31:50]} Nf6
{[%clk 1:32:10]} 5. Bxc6 {[%clk 1:32:11]} dxc6 {[%clk 1:32:31]} 6. d3 {[%clk
1:32:18]} Bd6 {[%clk 1:30:48]} 7. Nc3 {[%clk 1:31:00]} O-O {[%clk 1:28:29]} 8.
Bg5 {[%clk 1:31:11]} h6 {[%clk 1:27:56]} 9. Be3 {[%clk 1:30:15]} c5 {[%clk
1:25:09]} 10. h3 {[%clk 1:29:32]} Be6 {[%clk 1:22:55]} 11. Qe2 {[%clk 1:27:47]}
Nd7 {[%clk 1:19:11]} 12. g4 {[%clk 1:23:01]} Nb8 {[%clk 1:18:49]} 13. g5 {[%clk
1:19:31]} h5 {[%clk 1:17:32]} 14. Nd5 {[%clk 1:19:07]} Nd7 {[%clk 1:13:25]} 15.
Rg1 {[%clk 1:09:28]} c6 {[%clk 1:06:18]} 16. Nf6+ {[%clk 1:08:26]} Nxf6 {[%clk
1:05:52]} 17. gxf6 {[%clk 1:08:47]} g6 {[%clk 0:58:40]} 18. Bg5 {[%clk 1:02:20]}
Qd7 {[%clk 0:37:23]} 19. Qe3 {[%clk 0:59:42]} Kh7 {[%clk 0:23:27]} 20. Bh4 {[%clk
0:52:51]} Rh8 {[%clk 0:23:15]} 21. O-O-O {[%clk 0:49:29]} Kg8 {[%clk 0:20:44]}
22. Rg5 {[%clk 0:44:15]} Qc7 {[%clk 0:16:27]} 23. Bg3 {[%clk 0:43:12]} Bxh3
{[%clk 0:16:37]} 24. Nxe5 {[%clk 0:40:12]} Be6 {[%clk 0:15:35]} 25. Nxg6 {[%clk
0:37:34]} fxg6 {[%clk 0:15:33]} 26. Rxg6+ {[%clk 0:37:58]} Kf8 {[%clk 0:15:47]}
27. e5 {[%clk 0:38:21]} Qa5 {[%clk 0:14:34]} 28. exd6 {[%clk 0:38:18]} Qxa2
{[%clk 0:14:58]} 29. Qxc5 {[%clk 0:38:09]} b6 {[%clk 0:12:08]} 30. Qxb6 {[%clk
0:36:43]} Rh7 {[%clk 0:11:02]} 31. Rg7 {[%clk 0:36:34]} Rxg7 {[%clk 0:10:33]} 32.
fxg7+ {[%clk 0:36:58]} Kg8 {[%clk 0:10:51]} 33. Re1 {[%clk 0:34:44]} Re8 {[%clk
0:10:28]} 34. Qc5 {[%clk 0:31:56]} Kxg7 {[%clk 0:08:12]} 35. Qg5+ {[%clk
0:32:11]} Kf8 {[%clk 0:08:35]} 36. Qf6+ {[%clk 0:32:14]} Kg8 {[%clk 0:08:57]} 37.
Re5 {[%clk 0:32:03]} 1-0

[Event "10th Amsterdam Science Park"]
[Site "Amsterdam"]
[Date "2022.07.20"]
[Round "3"]
[White "Stolwijk, Colin"]
[Black "Theulings, Paul-Peter"]
[Result "1-0"]
[Board "8"]
[WhiteElo "2277"]
[WhiteCountry "NED"]
[WhiteFideId "1033743"]
[WhiteEloChange "4"]
[BlackTitle "CM"]
[BlackElo "2056"]
[BlackCountry "NED"]
[BlackFideId "1002899"]
[BlackEloChange "-4"]

1. e4 {[%clk 1:30:56]} e5 {[%clk 1:30:54]} 2. Bc4 {[%clk 1:31:22]} Nf6 {[%clk
1:31:12]} 3. d3 {[%clk 1:31:48]} c6 {[%clk 1:31:32]} 4. Nf3 {[%clk 1:32:10]} d5
{[%clk 1:31:48]} 5. Bb3 {[%clk 1:32:36]} a5 {[%clk 1:31:58]} 6. a4 {[%clk
1:33:01]} Bb4+ {[%clk 1:31:09]} 7. c3 {[%clk 1:33:27]} Bd6 {[%clk 1:31:25]} 8.
exd5 {[%clk 1:33:17]} cxd5 {[%clk 1:31:42]} 9. Na3 {[%clk 1:33:21]} Nbd7 {[%clk
1:29:16]} 10. Nb5 {[%clk 1:31:56]} Bb8 {[%clk 1:29:36]} 11. O-O {[%clk 1:30:36]}
O-O {[%clk 1:26:09]} 12. Bg5 {[%clk 1:26:54]} h6 {[%clk 1:24:55]} 13. Bh4 {[%clk
1:27:17]} Re8 {[%clk 1:22:57]} 14. Re1 {[%clk 1:26:50]} Ra6 {[%clk 1:22:07]} 15.
Bg3 {[%clk 1:22:32]} Rae6 {[%clk 1:17:17]} 16. Ba2 {[%clk 1:15:16]} b6 {[%clk
1:08:42]} 17. d4 {[%clk 1:02:24]} e4 {[%clk 1:05:20]} 18. Bxb8 {[%clk 1:02:48]}
Nxb8 {[%clk 1:05:18]} 19. Ne5 {[%clk 1:00:22]} Bb7 {[%clk 0:57:13]} 20. c4 {[%clk
0:58:17]} Na6 {[%clk 0:51:19]} 21. cxd5 {[%clk 0:51:29]} Nxd5 {[%clk 0:50:32]}
22. Nc3 {[%clk 0:47:09]} Nab4 {[%clk 0:49:14]} 23. Bb1 {[%clk 0:45:42]} f6 {[%clk
0:38:58]} 24. Ng4 {[%clk 0:43:14]} f5 {[%clk 0:38:06]} 25. Nxd5 {[%clk 0:37:37]}
Nxd5 {[%clk 0:36:39]} 26. Ne5 {[%clk 0:36:38]} Nb4 {[%clk 0:32:08]} 27. Ra3
{[%clk 0:33:39]} Rd6 {[%clk 0:26:40]} 28. Qh5 {[%clk 0:33:19]} Rf6 {[%clk
0:25:00]} 29. Rc3 {[%clk 0:27:31]} Re7 {[%clk 0:22:55]} 30. Rec1 {[%clk 0:17:54]}
Kh7 {[%clk 0:21:27]} 31. g4 {[%clk 0:14:52]} g6 {[%clk 0:10:04]} 32. Qh3 {[%clk
0:15:19]} Qxd4 {[%clk 0:09:45]} 33. g5 {[%clk 0:15:08]} Rd6 {[%clk 0:03:02]} 34.
Qxh6+ {[%clk 0:07:07]} Kg8 {[%clk 0:03:30]} 35. Nxg6 {[%clk 0:07:27]} Rg7 {[%clk
0:00:53]} 36. Rc8+ {[%clk 0:06:56]} Bxc8 {[%clk 0:01:13]} 37. Rxc8+ {[%clk
0:07:24]} Rd8 {[%clk 0:00:48]} 38. Rxd8+ {[%clk 0:07:28]} Qxd8 {[%clk 0:01:16]}
39. Qh8+ {[%clk 0:07:50]} 1-0

[Event "10th Amsterdam Science Park"]
[Site "Amsterdam"]
[Date "2022.07.20"]
[Round "3"]
[White "Afek, Yochanan"]
[Black "Labruyere, Roger"]
[Result "1/2-1/2"]
[Board "9"]
[WhiteTitle "IM"]
[WhiteElo "2210"]
[WhiteCountry "ISR"]
[WhiteFideId "2800462"]
[WhiteEloChange "-4"]
[BlackElo "2070"]
[BlackCountry "NED"]
[BlackFideId "1059505"]
[BlackEloChange "4"]

1. e4 {[%clk 1:28:56]} c5 {[%clk 1:30:55]} 2. Nf3 {[%clk 1:27:58]} e6 {[%clk
1:31:18]} 3. c3 {[%clk 1:28:23]} Nf6 {[%clk 1:30:06]} 4. e5 {[%clk 1:28:44]} Nd5
{[%clk 1:30:32]} 5. Bc4 {[%clk 1:28:54]} Nc6 {[%clk 1:30:27]} 6. O-O {[%clk
1:29:15]} Be7 {[%clk 1:28:54]} 7. d4 {[%clk 1:29:27]} cxd4 {[%clk 1:28:51]} 8.
cxd4 {[%clk 1:29:31]} d6 {[%clk 1:29:02]} 9. Qe2 {[%clk 1:29:22]} O-O {[%clk
1:02:18]} 10. Qe4 {[%clk 1:26:07]} Ndb4 {[%clk 0:55:34]} 11. Bb3 {[%clk 1:18:00]}
dxe5 {[%clk 0:54:40]} 12. dxe5 {[%clk 1:15:46]} Qd3 {[%clk 0:54:57]} 13. Qf4
{[%clk 1:07:29]} Nc2 {[%clk 0:40:37]} 14. Ne1 {[%clk 1:04:49]} Nxe1 {[%clk
0:41:03]} 15. Rxe1 {[%clk 1:05:16]} Nd4 {[%clk 0:36:28]} 16. Nc3 {[%clk 1:03:12]}
Nxb3 {[%clk 0:36:37]} 17. axb3 {[%clk 1:03:33]} Rd8 {[%clk 0:36:26]} 18. Be3
{[%clk 1:03:31]} Bd7 {[%clk 0:35:46]} 19. b4 {[%clk 0:48:40]} Bc6 {[%clk
0:28:41]} 20. Rxa7 {[%clk 0:38:57]} Rxa7 {[%clk 0:26:45]} 21. Bxa7 {[%clk
0:39:21]} Qd2 {[%clk 0:26:38]} 22. Qxd2 {[%clk 0:35:30]} Rxd2 {[%clk 0:27:05]}
23. b5 {[%clk 0:34:42]} Be8 {[%clk 0:27:29]} 24. Re2 {[%clk 0:33:32]} Rxe2 {[%clk
0:27:34]} 25. Nxe2 {[%clk 0:33:57]} Bxb5 {[%clk 0:27:59]} 26. Nd4 {[%clk
0:34:02]} Bd3 {[%clk 0:28:10]} 27. f3 {[%clk 0:33:42]} Kf8 {[%clk 0:23:57]} 28.
Kf2 {[%clk 0:34:06]} Ke8 {[%clk 0:23:15]} 29. Ke3 {[%clk 0:34:23]} Bc4 {[%clk
0:23:19]} 30. Nc2 {[%clk 0:32:30]} Kd7 {[%clk 0:23:23]} 31. Kd4 {[%clk 0:32:48]}
Bd5 {[%clk 0:16:44]} 32. Bc5 {[%clk 0:29:35]} Bd8 {[%clk 0:13:27]} 33. Nb4 {[%clk
0:28:12]} Bb3 {[%clk 0:08:47]} 34. Kc3 {[%clk 0:17:46]} Ba4 {[%clk 0:08:17]} 35.
Kc4 {[%clk 0:18:01]} Bd1 {[%clk 0:06:50]} 36. Be3 {[%clk 0:15:59]} Be2+ {[%clk
0:06:33]} 37. Kc3 {[%clk 0:15:14]} Ba5 {[%clk 0:04:00]} 38. Bc5 {[%clk 0:15:21]}
g5 {[%clk 0:02:44]} 39. Kd4 {[%clk 0:12:52]} g4 {[%clk 0:01:42]} 40. f4 {[%clk
0:11:14]} g3 {[%clk 0:01:46]} 41. hxg3 {[%clk 0:10:55]} Bf1 {[%clk 0:02:03]} 42.
g4 {[%clk 0:07:57]} Bxg2 {[%clk 0:02:28]} 43. g5 {[%clk 0:08:19]} Bh1 {[%clk
0:02:02]} 1/2-1/2

[Event "10th Amsterdam Science Park"]
[Site "Amsterdam"]
[Date "2022.07.20"]
[Round "3"]
[White "Tan, Kevin"]
[Black "Kanis, Sierk"]
[Result "1/2-1/2"]
[Board "10"]
[WhiteElo "2209"]
[WhiteCountry "NED"]
[WhiteFideId "1010280"]
[WhiteEloChange "-6"]
[BlackElo "1985"]
[BlackCountry "NED"]
[BlackFideId "1056859"]
[BlackEloChange "6"]

1. d4 {[%clk 1:30:55]} Nf6 {[%clk 1:30:51]} 2. c4 {[%clk 1:30:43]} c5 {[%clk
1:31:15]} 3. e3 {[%clk 1:27:26]} g6 {[%clk 1:30:27]} 4. g3 {[%clk 1:13:55]} Bg7
{[%clk 1:28:29]} 5. Bg2 {[%clk 1:12:38]} cxd4 {[%clk 1:26:28]} 6. exd4 {[%clk
1:12:20]} d5 {[%clk 1:25:59]} 7. Nc3 {[%clk 1:04:21]} dxc4 {[%clk 1:18:33]} 8.
Qa4+ {[%clk 1:02:21]} Nbd7 {[%clk 1:12:47]} 9. Nf3 {[%clk 0:50:31]} O-O {[%clk
1:12:01]} 10. Qxc4 {[%clk 0:50:43]} Nb6 {[%clk 1:10:53]} 11. Qe2 {[%clk 0:48:20]}
Bg4 {[%clk 1:09:29]} 12. O-O {[%clk 0:47:31]} Qd7 {[%clk 1:02:52]} 13. Re1 {[%clk
0:46:11]} Bxf3 {[%clk 0:57:44]} 14. Qxf3 {[%clk 0:44:40]} e6 {[%clk 0:51:17]} 15.
Qxb7 {[%clk 0:38:11]} Qxd4 {[%clk 0:48:22]} 16. Bf4 {[%clk 0:36:47]} Qb4 {[%clk
0:42:16]} 17. Re2 {[%clk 0:32:06]} Rfd8 {[%clk 0:31:40]} 18. Rc1 {[%clk 0:27:56]}
h6 {[%clk 0:19:54]} 19. Rec2 {[%clk 0:23:19]} Rd7 {[%clk 0:17:46]} 20. Qa6 {[%clk
0:23:02]} Nfd5 {[%clk 0:15:23]} 21. Nxd5 {[%clk 0:22:06]} exd5 {[%clk 0:15:46]}
22. Bd2 {[%clk 0:15:24]} Qa4 {[%clk 0:12:28]} 23. Qxa4 {[%clk 0:10:37]} Nxa4
{[%clk 0:11:54]} 24. b3 {[%clk 0:10:57]} Nb6 {[%clk 0:12:20]} 25. a4 {[%clk
0:11:13]} a5 {[%clk 0:07:33]} 26. Rc5 {[%clk 0:10:33]} Rda7 {[%clk 0:06:24]} 27.
Rb5 {[%clk 0:10:32]} Ra6 {[%clk 0:06:23]} 28. Rc6 {[%clk 0:09:22]} Bd4 {[%clk
0:04:03]} 29. Bxh6 {[%clk 0:09:09]} Re8 {[%clk 0:04:26]} 30. Be3 {[%clk 0:08:56]}
Bxe3 {[%clk 0:03:43]} 31. fxe3 {[%clk 0:09:24]} Re6 {[%clk 0:03:51]} 32. Rbc5
{[%clk 0:06:59]} Nd7 {[%clk 0:02:59]} 33. Rc8+ {[%clk 0:00:27]} Kg7 {[%clk
0:03:14]} 34. R5c7 {[%clk 0:06:26]} Nf6 {[%clk 0:03:16]} 35. Rb8 {[%clk 0:02:54]}
Rab6 {[%clk 0:03:36]} 36. Rbb7 {[%clk 0:02:45]} Rxb7 {[%clk 0:03:53]} 37. Rxb7
{[%clk 0:03:13]} Rxe3 {[%clk 0:03:58]} 38. b4 {[%clk 0:01:17]} axb4 {[%clk
0:04:00]} 39. Rxb4 {[%clk 0:01:42]} Ra3 {[%clk 0:03:11]} 1/2-1/2

[Event "10th Amsterdam Science Park"]
[Site "Amsterdam"]
[Date "2022.07.21"]
[Round "4"]
[White "Baarslag, Ed"]
[Black "Brouwer, Rein"]
[Result "1-0"]
[Board "9"]
[WhiteElo "2161"]
[WhiteCountry "NED"]
[WhiteFideId "1014285"]
[WhiteEloChange "8"]
[BlackElo "2076"]
[BlackCountry "NED"]
[BlackFideId "1046195"]
[BlackEloChange "-8"]

1. d4 {[%clk 1:29:02]} d5 {[%clk 1:23:50]} 2. Nf3 {[%clk 1:29:13]} Nf6 {[%clk
1:24:11]} 3. g3 {[%clk 1:29:30]} Bf5 {[%clk 1:22:59]} 4. Bg2 {[%clk 1:29:36]} e6
{[%clk 1:23:12]} 5. c4 {[%clk 1:27:56]} c6 {[%clk 1:19:03]} 6. Qb3 {[%clk
1:26:49]} Qb6 {[%clk 1:17:01]} 7. c5 {[%clk 1:26:04]} Qxb3 {[%clk 1:14:27]} 8.
axb3 {[%clk 1:26:21]} Na6 {[%clk 1:12:55]} 9. Nc3 {[%clk 1:25:21]} h6 {[%clk
1:03:26]} 10. h4 {[%clk 1:18:02]} Be7 {[%clk 1:00:48]} 11. Bf4 {[%clk 1:03:59]}
O-O {[%clk 0:57:23]} 12. Ra4 {[%clk 1:01:55]} Bc2 {[%clk 0:55:04]} 13. Ne5 {[%clk
0:49:22]} Nh5 {[%clk 0:48:00]} 14. Be3 {[%clk 0:41:07]} Nb8 {[%clk 0:36:39]} 15.
Kd2 {[%clk 0:39:14]} Bh7 {[%clk 0:33:43]} 16. b4 {[%clk 0:37:44]} Nf6 {[%clk
0:29:50]} 17. Rha1 {[%clk 0:33:48]} a6 {[%clk 0:24:48]} 18. f3 {[%clk 0:28:42]}
Ne8 {[%clk 0:24:45]} 19. b5 {[%clk 0:26:20]} f6 {[%clk 0:24:20]} 20. Nd3 {[%clk
0:25:16]} Bxd3 {[%clk 0:22:32]} 21. Kxd3 {[%clk 0:23:20]} Nc7 {[%clk 0:19:37]}
22. bxa6 {[%clk 0:20:55]} Rxa6 {[%clk 0:19:47]} 23. b4 {[%clk 0:19:09]} e5 {[%clk
0:18:20]} 24. Bh3 {[%clk 0:18:53]} exd4 {[%clk 0:16:40]} 25. Bxd4 {[%clk
0:19:03]} Rxa4 {[%clk 0:17:00]} 26. Nxa4 {[%clk 0:16:35]} Nba6 {[%clk 0:17:06]}
27. Rb1 {[%clk 0:16:34]} Kf7 {[%clk 0:16:43]} 28. Nb6 {[%clk 0:16:39]} h5 {[%clk
0:14:44]} 29. Bc8 {[%clk 0:15:48]} Nb8 {[%clk 0:13:14]} 30. Bxb7 {[%clk 0:15:38]}
Nb5 {[%clk 0:13:15]} 31. Ra1 {[%clk 0:12:26]} Bd8 {[%clk 0:10:04]} 32. Nc8 {[%clk
0:12:11]} Bc7 {[%clk 0:10:20]} 33. Bf2 {[%clk 0:10:51]} Ke6 {[%clk 0:07:52]} 34.
Na7 {[%clk 0:08:46]} Nxa7 {[%clk 0:04:53]} 35. Rxa7 {[%clk 0:09:13]} Kd7 {[%clk
0:04:26]} 36. b5 {[%clk 0:07:30]} cxb5 {[%clk 0:04:43]} 37. Bxd5 {[%clk 0:07:45]}
Nc6 {[%clk 0:04:38]} 38. Bxc6+ {[%clk 0:07:46]} Kxc6 {[%clk 0:05:06]} 39. Ra6+
{[%clk 0:07:12]} Kb7 {[%clk 0:05:19]} 40. Re6 {[%clk 0:06:31]} Rf7 {[%clk
0:02:36]} 41. c6+ {[%clk 0:23:05]} Ka6 {[%clk 0:32:40]} 42. Re8 {[%clk 0:22:58]}
1-0

[Event "10th Amsterdam Science Park"]
[Site "Amsterdam"]
[Date "2022.07.22"]
[Round "5"]
[White "Van Delft, Merijn"]
[Black "Bosboom, Manuel"]
[Result "1/2-1/2"]
[Board "1"]
[WhiteTitle "IM"]
[WhiteElo "2383"]
[WhiteCountry "NED"]
[WhiteFideId "1004670"]
[BlackTitle "IM"]
[BlackElo "2381"]
[BlackCountry "NED"]
[BlackFideId "1000080"]

1. e4 {[%clk 1:30:54]} c5 {[%clk 1:30:27]} 2. Nf3 {[%clk 1:31:16]} d6 {[%clk
1:30:46]} 3. d4 {[%clk 1:31:42]} cxd4 {[%clk 1:31:13]} 4. Nxd4 {[%clk 1:32:03]}
Nf6 {[%clk 1:31:33]} 5. Nc3 {[%clk 1:32:27]} a6 {[%clk 1:31:18]} 6. h3 {[%clk
1:32:51]} h5 {[%clk 1:27:31]} 7. Bg5 {[%clk 1:31:54]} e6 {[%clk 1:27:02]} 8. f4
{[%clk 1:27:20]} b5 {[%clk 1:27:01]} 9. e5 {[%clk 1:23:00]} dxe5 {[%clk 1:26:55]}
10. fxe5 {[%clk 1:23:13]} Qc7 {[%clk 1:27:06]} 11. Qe2 {[%clk 1:22:17]} Nbd7
{[%clk 1:14:10]} 12. Nf3 {[%clk 1:08:36]} Ba3 {[%clk 1:06:49]} 13. Bc1 {[%clk
0:52:46]} Bb7 {[%clk 0:59:48]} 14. exf6 {[%clk 0:48:04]} Nxf6 {[%clk 0:59:21]}
15. Nxb5 {[%clk 0:19:50]} axb5 {[%clk 0:58:43]} 16. bxa3 {[%clk 0:17:44]} O-O-O
{[%clk 0:50:06]} 17. Qe5 {[%clk 0:15:01]} Rd1+ {[%clk 0:47:12]} 18. Kf2 {[%clk
0:14:32]} Ne4+ {[%clk 0:47:13]} 19. Kg1 {[%clk 0:12:48]} Qb6+ {[%clk 0:43:22]}
20. Kh2 {[%clk 0:13:00]} f6 {[%clk 0:42:54]} 21. Qf4 {[%clk 0:07:36]} g5 {[%clk
0:42:57]} 22. Nxg5 {[%clk 0:07:57]} fxg5 {[%clk 0:28:45]} 23. Qe5 {[%clk
0:08:24]} Rhd8 {[%clk 0:28:39]} 24. Bd3 {[%clk 0:08:09]} Rxh1+ {[%clk 0:21:24]}
25. Kxh1 {[%clk 0:08:37]} Nf2+ {[%clk 0:19:54]} 26. Kh2 {[%clk 0:08:43]} Nxd3
{[%clk 0:10:45]} 27. cxd3 {[%clk 0:08:26]} Qd6 {[%clk 0:08:47]} 28. Qxd6 {[%clk
0:07:17]} 1/2-1/2

[Event "10th Amsterdam Science Park"]
[Site "Amsterdam"]
[Date "2022.07.22"]
[Round "5"]
[White "Blom, Vincent"]
[Black "Zwirs, Nico"]
[Result "1-0"]
[Board "2"]
[WhiteTitle "FM"]
[WhiteElo "2325"]
[WhiteCountry "NED"]
[WhiteFideId "1014358"]
[WhiteEloChange "14"]
[BlackTitle "IM"]
[BlackElo "2485"]
[BlackCountry "NED"]
[BlackFideId "1036432"]
[BlackEloChange "-7"]

1. c4 {[%clk 1:30:46]} e6 {[%clk 1:30:58]} 2. Nf3 {[%clk 1:31:09]} d5 {[%clk
1:31:23]} 3. d4 {[%clk 1:31:29]} Nf6 {[%clk 1:31:46]} 4. Nc3 {[%clk 1:31:51]}
dxc4 {[%clk 1:31:33]} 5. Qa4+ {[%clk 1:30:10]} c6 {[%clk 1:27:05]} 6. Qxc4 {[%clk
1:30:07]} b5 {[%clk 1:27:30]} 7. Qd3 {[%clk 1:30:05]} Bb7 {[%clk 1:27:32]} 8. Bg5
{[%clk 1:22:49]} Nbd7 {[%clk 1:26:31]} 9. e4 {[%clk 1:09:02]} b4 {[%clk 1:26:25]}
10. Na4 {[%clk 1:06:55]} Qa5 {[%clk 1:26:24]} 11. b3 {[%clk 1:03:17]} c5 {[%clk
1:25:46]} 12. Bxf6 {[%clk 0:54:06]} gxf6 {[%clk 1:25:33]} 13. d5 {[%clk 0:43:25]}
O-O-O {[%clk 1:24:51]} 14. dxe6 {[%clk 0:33:28]} Nb6 {[%clk 1:23:36]} 15. Nxb6+
{[%clk 0:26:26]} Qxb6 {[%clk 1:22:08]} 16. Qc4 {[%clk 0:19:53]} Qxe6 {[%clk
1:04:18]} 17. Qxe6+ {[%clk 0:18:46]} fxe6 {[%clk 1:02:51]} 18. e5 {[%clk
0:18:26]} fxe5 {[%clk 0:58:44]} 19. Ng5 {[%clk 0:13:23]} Bh6 {[%clk 0:50:14]} 20.
h4 {[%clk 0:11:18]} Rd4 {[%clk 0:24:44]} 21. f3 {[%clk 0:07:42]} Re8 {[%clk
0:09:11]} 22. Rc1 {[%clk 0:07:47]} e4 {[%clk 0:08:32]} 23. Rxc5+ {[%clk 0:06:21]}
Kb8 {[%clk 0:09:02]} 24. Be2 {[%clk 0:03:51]} e3 {[%clk 0:05:10]} 25. Re5 {[%clk
0:02:48]} Rc8 {[%clk 0:05:22]} 26. O-O {[%clk 0:01:28]} Rxh4 {[%clk 0:03:51]} 27.
f4 {[%clk 0:00:58]} Rc2 {[%clk 0:02:41]} 28. Rxe3 {[%clk 0:01:18]} Bxg5 {[%clk
0:02:07]} 29. fxg5 {[%clk 0:01:40]} Re4 {[%clk 0:02:12]} 30. Rf8+ {[%clk
0:01:36]} Rc8 {[%clk 0:02:28]} 31. Rxe4 {[%clk 0:01:34]} Bxe4 {[%clk 0:02:54]}
32. Rf4 {[%clk 0:01:54]} Rc1+ {[%clk 0:00:54]} 33. Kf2 {[%clk 0:01:52]} Bb1
{[%clk 0:01:07]} 34. Rxb4+ {[%clk 0:01:49]} Kc7 {[%clk 0:01:37]} 35. Ra4 {[%clk
0:00:49]} Kb7 {[%clk 0:01:39]} 36. Ke3 {[%clk 0:00:37]} Rc5 {[%clk 0:01:27]} 37.
Bf3+ {[%clk 0:00:49]} Kb8 {[%clk 0:00:48]} 38. Kf4 {[%clk 0:00:37]} e5+ {[%clk
0:00:42]} 39. Kg4 {[%clk 0:00:54]} Bg6 {[%clk 0:00:44]} 40. Rb4+ {[%clk 0:00:48]}
Kc8 {[%clk 0:00:57]} 41. Be4 {[%clk 0:14:17]} a5 {[%clk 0:18:50]} 42. Ra4 {[%clk
0:06:41]} Kd7 {[%clk 0:14:29]} 43. Bxg6 {[%clk 0:03:27]} hxg6 {[%clk 0:14:58]}
44. Kf3 {[%clk 0:03:32]} Ke6 {[%clk 0:12:29]} 45. Rc4 {[%clk 0:03:47]} Rb5 {[%clk
0:12:00]} 46. g4 {[%clk 0:03:07]} Kd7 {[%clk 0:07:15]} 47. Rc2 {[%clk 0:03:05]}
Rb4 {[%clk 0:06:44]} 48. Rc5 {[%clk 0:03:20]} a4 {[%clk 0:07:09]} 49. Rc4 {[%clk
0:03:18]} Rxc4 {[%clk 0:03:29]} 50. bxc4 {[%clk 0:03:41]} Kc6 {[%clk 0:03:24]}
51. Ke4 {[%clk 0:03:05]} Kd6 {[%clk 0:03:47]} 52. c5+ {[%clk 0:02:14]} Kxc5
{[%clk 0:02:17]} 53. Kxe5 {[%clk 0:02:41]} Kb4 {[%clk 0:02:42]} 54. Kf6 {[%clk
0:03:07]} Ka3 {[%clk 0:03:08]} 55. Kxg6 {[%clk 0:03:35]} Kxa2 {[%clk 0:03:33]}
56. Kh7 {[%clk 0:01:35]} Kb1 {[%clk 0:03:56]} 57. g6 {[%clk 0:02:02]} a3 {[%clk
0:04:23]} 58. g7 {[%clk 0:02:31]} a2 {[%clk 0:04:52]} 59. g8=Q {[%clk 0:02:55]}
a1=Q {[%clk 0:05:19]} 60. Qb3+ {[%clk 0:02:35]} Kc1 {[%clk 0:05:47]} 61. Qe3+
{[%clk 0:02:58]} Kc2 {[%clk 0:06:02]} 62. Qe2+ {[%clk 0:03:00]} Kb3 {[%clk
0:06:19]} 63. Qd3+ {[%clk 0:03:28]} Kb4 {[%clk 0:06:35]} 64. Qe4+ {[%clk
0:03:49]} Kb3 {[%clk 0:05:51]} 65. g5 {[%clk 0:03:51]} Qa7+ {[%clk 0:05:11]} 66.
Kh6 {[%clk 0:03:52]} Qd7 {[%clk 0:03:39]} 67. Qf3+ {[%clk 0:04:06]} Ka4 {[%clk
0:02:11]} 68. Qf4+ {[%clk 0:04:08]} Ka3 {[%clk 0:02:19]} 69. g6 {[%clk 0:04:19]}
Qh3+ {[%clk 0:02:26]} 70. Kg7 {[%clk 0:04:40]} Qd7+ {[%clk 0:02:11]} 71. Kg8
{[%clk 0:04:43]} Qe6+ {[%clk 0:01:33]} 72. Qf7 {[%clk 0:05:09]} Qe5 {[%clk
0:01:12]} 73. g7 {[%clk 0:04:13]} Kb2 {[%clk 0:00:46]} 74. Qf2+ {[%clk 0:03:40]}
Kb1 {[%clk 0:00:43]} 75. Qb6+ {[%clk 0:03:51]} Kc1 {[%clk 0:00:48]} 76. Kh7
{[%clk 0:03:47]} Qe7 {[%clk 0:00:45]} 77. Qg1+ {[%clk 0:03:03]} Kb2 {[%clk
0:00:54]} 78. Qd4+ {[%clk 0:03:31]} Kb1 {[%clk 0:00:51]} 79. Kh8 {[%clk 0:03:49]}
Qe6 {[%clk 0:00:49]} 80. g8=Q {[%clk 0:03:48]} 1-0